| 000 | 01340nam a2200313 i 4500 | ||
|---|---|---|---|
| 001 | 000027102 | ||
| 003 | DO-SdBNP | ||
| 005 | 20240409073641.0 | ||
| 007 | ta | ||
| 008 | 110328t1982 dr ac 001 0dspa d | ||
| 040 |
_aDO-SdBNP _bspa _cBNPHU _erda |
||
| 082 | 4 |
_a972.93053 _bE79u _222 |
|
| 245 | 0 | 4 |
_aLos Estados Unidos y Trujillo : año 1945 : _bcolección de documentos del Departamento de Estado y de las Fuerzas Armadas Norteamericanas / _ceditor, Bernardo Vega. |
| 264 |
_aSanto Domingo : _bFundación Cultural Dominicana, _c1982. |
||
| 300 |
_a352 páginas : _bilustraciones, retratos ; _c26 cm. |
||
| 336 |
_2rdacontent _atexto _btxt |
||
| 337 |
_2rdamedia _asin mediación _bnc |
||
| 338 |
_2rdacarrier _avolumen _bn |
||
| 500 | _aIncluye índice onómastico. | ||
| 500 | _aIncluye referencias bibliograficas y notas al pie de las páginas. | ||
| 590 | _aInventariado, 2023/BT | ||
| 600 | 1 | 0 |
_aTrujillo Molina, Rafael Leónidas, _d 1891-1961 _976764 |
| 651 | 4 |
_aEstados Unidos _xRelaciones Exteriores _zRepública Dominicana _96309 |
|
| 651 | 4 |
_aRepública Dominicana _xRelaciones Exteriores _zEstados Unidos _96308 |
|
| 651 | 4 |
_aRepública Dominicana _xPolítica y Gobierno _yEra de Trujillo, 1930-1961 _91374 |
|
| 700 | 1 | 2 |
_aVega, Bernardo, _d1938 - _eeditor _93222 |
| 910 | _aValidado. Control de calidad EMS. | ||
| 942 |
_2ddc _cLBS1 |
||
| 999 |
_c26594 _d26594 |
||